000
00312nam a2200133Ia 4500
005
20251222141811.0
008
251222s9999||||xx |||||||||||||| ||spa||
020
_a
9786124126017
082
_a
391.009.85/M61
245
0
_a
Anaco de Camilaca
250
_a
1ra.ed.
264
_b
Ministerio de Cultura
942
_c
LIB
999
_c
6492
_d
6492